1605 1416 1819 1799 1209 1573 1445 1327 1525 1218 1984 1525 1122 1945 1845 1221 1162 1371 1668 1272 1906 1126 1589 1120 1882 1329 1680 1986 1686 1883 1583 1981 1742 1727 1523 1286 1845 1779 1867 1547 1238 1613 1730 1721 1529 1948 1707 1858 1281 1858 1584 1231 1556 1861 1909 1170 1283 1065 1382 1430 1389 1023 1305 1545 1466 1390 1545 1477 1631 1523 1746 1687 1475 1042 1539 1769 1850 1024 1674 1742 1971 1188 1753 1616 1004 1924 1832 1780 1363 1164 1295 1831 1725 1299 1423 1538 1173 1909 1392 BCNSPRNW ULIB Ver.6.0+V

เปลี่ยนเป็นภาษาไทย

Change to English
 แสดงรายละเอียดบรรณานุกรม
  กลับหน้าหลัก

Brief Record : Get Marc (ISO 2709) : E-mail record : QR code < ปิดหน้าต่าง
LEADER : 00000nam 2200000uu 4500
001    13399125393
003     ULIB
008    170524s2559||||th 000 0 tha d
020    ^a9786164067240
060  0 ^aWY20.5^bอ664ก
100 0  ^aอารีย์วรรณ อ่วมตานี
245 10 ^aการวิจัยเชิงคุณภาพทางการพยาบาล =^bQualitative research innursing /^cอารีย์วรรณ อ่วมตานี
246 31 ^aQualitative research in nursing
250    ^aพิมพ์ครั้งที่ 3
260    ^aกรุงเทพฯ :^bคณะพยาบาลศาสตร์ จุฬาลงกรณ์มหาวิทยาลัย,^c2559
300    ^a305 หน้า ;^c21 ซม.
500    ^aกฏหมายวิชาชีพ
505 0  ^aการวางแผนการวิจัยเชิงคุณภาพ -- การเก็บรวบรวมข้อมูลการวิจัยเชิงคุณภาพ -- การวิเคราะห์ข้อมูล -- ความน่าเชื่อถือได้ของข้อมูลการวิจัยเชิงคุณภาพ -- การเขียนรายงานการวิจัยเชิงคุณภาพ -- การวิจัยปรากฏการณ์วิทยา -- การวิจัยทฤษฏีพื้นฐาน
650  7 ^aการพยาบาล^xวิจัย
650  7 ^aวิจัยเชิงคุณภาพ
650  0 ^aกฏหมายวิชาชีพ
710 2  ^aจุฬาลงกรณ์มหาวิทยาลัย. ^bคณะพยาบาลศาสตร์
945    ^p0^l0^i002194
945    ^p0^l0^i002195
945    ^p0^l0^i002196
945    ^p0^l0^i002197
945    ^p0^l0^i002198
999    ^aวรรณษา ชูชัยมงคล
รายการนี้ยังไม่มีแท็ก
คุณยังไม่ได้ล็อกอิน คุณสามารถมีกิจกรรมร่วมกับเว็บไซต์ได้ แต่ต้องล็อกอินก่อน ::
  ล็อกอิน

รายการสื่อสารสนเทศ

ลำดับที่ ประเภท เลขเรียก/บาร์โค้ด สถานที่ สถานะ
1. วิทยาศาสตร์การแพทย์ และสุขภาพ
วิทยาศาสตร์การแพทย์ และสุขภาพ
สถานะ=หนังสือเก่า
WY20.5 อ664ก ฉ.1 
  Barcode: 002194
ห้องสมุดวิทยาเขตสวรรค์ประชารักษ์
►ส่วนจัดเก็บหนังสือเก่า สปร
บนชั้น
  ขอยืม
2. วิทยาศาสตร์การแพทย์ และสุขภาพ
วิทยาศาสตร์การแพทย์ และสุขภาพ
สถานะ=หนังสือเก่า
WY20.5 อ664ก ฉ.2 
  Barcode: 002195
ห้องสมุดวิทยาเขตสวรรค์ประชารักษ์
►ส่วนจัดเก็บหนังสือเก่า สปร
บนชั้น
  ขอยืม
3. วิทยาศาสตร์การแพทย์ และสุขภาพ
วิทยาศาสตร์การแพทย์ และสุขภาพ
WY20.5 อ664ก ฉ.3 
  Barcode: 002196
ห้องสมุดวิทยาเขตสวรรค์ประชารักษ์
►หนังสือทั่วไป
บนชั้น
4. วิทยาศาสตร์การแพทย์ และสุขภาพ
วิทยาศาสตร์การแพทย์ และสุขภาพ
สถานะ=หนังสือเก่า
WY20.5 อ664ก ฉ.4 
  Barcode: 002197
ห้องสมุดวิทยาเขตสวรรค์ประชารักษ์
►ส่วนจัดเก็บหนังสือเก่า สปร
บนชั้น
  ขอยืม
5. วิทยาศาสตร์การแพทย์ และสุขภาพ
วิทยาศาสตร์การแพทย์ และสุขภาพ
สถานะ=หนังสือเก่า
WY20.5 อ664ก ฉ.5 
  Barcode: 002198
ห้องสมุดวิทยาเขตสวรรค์ประชารักษ์
►ส่วนจัดเก็บหนังสือเก่า สปร
บนชั้น
  ขอยืม

รายการใกล้เคียง
    ผู้แต่ง [อารีย์วรรณ อ่วมตานี]

    หัวเรื่อง [วิจัยเชิงคุณภาพ]

BibComment


ยังไม่เคยถูกคอมเมนท์

คอมเมนท์ทรัพยากรรายการนี้
  คอมเมนท์: การวิจัยเชิงคุณภ..


 Copyright 2026. Bcnsprnw @Library